Illinois Governors Quiz - Statistics

General Stats
  • This quiz has been taken 64 times
  • The average score is 15 of 44
Answer Stats
Hint Answer % Correct
2019-Present Jay Pritzker
100%
2003-2009 Rod Blagojevich
84%
2015-2019 Bruce Rauner
74%
2009-2015 Pat Quinn
74%
1977-1991 James Thompson
60%
1999-2003 George Ryan
58%
1991-1999 Jim Edgar
53%
1949-1953 Adlai Stevenson
51%
1893-1897 John Altgeld
37%
1973-1977 Daniel Walker
33%
1865-1869 Richard Oglesby
33%
1873-1873 Richard Oglesby
33%
1885-1889 Richard Oglesby
33%
1917-1921 Frank Lowden
30%
1826-1830 Ninian Edwards
30%
1961-1968 Otto Kerner Jr.
30%
1969-1973 Richard Ogilvie
30%
1933-1940 Henry Horner
28%
1818-1822 Shadrack Bond
28%
1822-1826 Edward Coles
26%
1860-1861 John Wood
26%
1921-1929 Lennington Small
26%
1901-1905 Richard Yates Jr.
26%
1861-1865 Richard Yates Sr.
26%
1838-1842 Thomas Carlin
26%
1842-1846 Thomas Ford
26%
1941-1949 Dwight Green
23%
1968-1969 Samuel Shapiro
23%
1857-1860 William Bissell
23%
1953-1961 William Stratton
23%
1846-1853 Augustus French
21%
1905-1913 Charles Deneen
21%
1913-1917 Edward Dunne
21%
1853-1857 Joel Matteson
21%
1873-1877 John Beveridge
21%
1883-1885 John Hamilton
21%
1869-1873 John Palmer
21%
1830-1834 John Reynolds
21%
1897-1901 John Tanner
21%
1834-1838 Joseph Duncan
21%
1889-1893 Joseph Fifer
21%
1877-1883 Shelby Cullom
21%
1929-1933 Louis Emmerson
19%
1940-1941 John Stelle
16%
No matching quizzes found
Score Distribution
Percent of People with Each Score
Percentile by Number Answered
Your Score History
You have not taken this quiz